| 000 | 00938nam a2200217Ia 4500 | ||
|---|---|---|---|
| 999 |
_c40055 _d40055 |
||
| 001 | 6661 | ||
| 003 | GE_BSU | ||
| 005 | 20191126110646.0 | ||
| 008 | 181216s1948||||ge |||||||||||||| ||geo|| | ||
| 040 | _cGE_BSU | ||
| 041 | _ageo | ||
| 080 | _a821.353.1-311.6 გ-19 | ||
| 100 |
_aგამსახურდია, კონსტანტინე _91395 |
||
| 245 |
_aდავით აღმაშენებელი : წიგნი II. : _bტეტრალოგია / _cკონსტანტინე გამსახურდია : პ/მგ. რედ. ი. აბაშიძე. |
||
| 264 |
_aთბილისი : _bსახელგამი, _c1948. |
||
| 300 |
_a425 გვ. ; _c21 სმ. |
||
| 653 | _aდავით აღმაშენებელი | ||
| 653 | _aტეტრალოგია | ||
| 700 |
_aაბაშიძე, ი. _eრედაქტორი _92742 |
||
| 942 |
_cBK _2udc |
||